[Event "Barcelona Gotic op 2nd"]
[Site "Barcelona"]
[Date "2018.05.15"]
[Round "3"]
[White "Gaya Sans, Jordi"]
[Black "Cano Sevila, Ivan"]
[Result "1-0"]
[WhiteElo "1865"]
[BlackElo "1977"]
[PlyCount "63"]
[EventDate "2018.04.24"]
[EventType "swiss"]
[EventRounds "8"]
[EventCountry "ESP"]
[SourceTitle "EXT 2019"]
[Source "ChessBase"]
[SourceDate "2018.10.10"]
[SourceVersion "1"]
[SourceVersionDate "2018.10.10"]
[SourceQuality "1"]

1. d4 d5 2. c4 e6 3. Nc3 f5 4. Nf3 Nf6 5. Bg5 Be7 6. e3 c6 7. Qb3 0-0 8. Bxf6 Bxf6 9. cxd5 exd5 10. Bd3 Qb6 11. Qc2 Na6 12. a3 g6 13. 0-0 Nb8 14. Ne5 Nd7 15. f4 Bg7 16. Qf2 Nf6 17. Na4 Qc7 18. Qh4 Ne4 19. Bxe4 fxe4 20. g4 Qd6 21. Rac1 Rb8 22. Rc2 Qd8 23. Qg3 Bxe5 24. dxe5 d4 25. Rc4 dxe3 26. Rxe4 e2 27. Re1 Be6 28. R1xe2 Qd1+ 29. Kf2 Rbd8 30. Nc3 Qb3 31. Rb4 Rxf4+ 32. Qxf4 1-0